000 00614nam a2200229Ia 4500
003 OSt
005 20221007073000.0
006 a|||||r|||| 00| 0
007 ta
008 221006b |||||||| |||| 00| 0 eng d
024 _a19,443
037 _cTextual
040 _aFLL
_cFLL
_beng
041 _2eng
_aeng
082 _aZ:R1, H9;2
100 _aLevi Edward H.
_992761
245 0 _aIntroduction to legal reasoning
260 _aLondon
_bThe University of Chicago Press England
_c1949
300 _a104p
_ccm.
942 _hZ:R1, H9;2
_cTEXL
_2CC
999 _c1147414
_d1147414